000 00272nam a2200109Ia 4500
001 1275889
005 20260417160436.0
008 260417s9999 xx 000 0 und d
020 _a9786256999121
245 0 _aEğlenceli Labirentler
_cEsma Genç
260 _bKetebe Çocuk
999 _c1275889
_d1275889